Ejercicios de estados e imperios mas importantes para la humanidad - Estadísticas

Estadísticas generales
  • Esta prueba ha sido intentada 74 veces
  • La puntuación promedio es 13 de 15
Estadísticas de respuestas
Pregunta Respuesta % Correcto
Imperio que surgio tras la muerte del emperador Teodosio I y el Imperio que administrava se dividio en dos mitades repartidas entre sus dos hijos. Esta parte del imperio tenia como capital la ciudad de Constantinopla que fue reconstruida y autodominada por Constantino. Este imperio duraría aproximadamente mil años Imperio de Oriente / Imperio Bizantino
100%
¿Que imperio de la Antigüedad clásica de origen griego tuvo su expansion en la Anatolia, Babilonia, Mesopotamia, Egipto, Persia y llegando los limites de la India y Asia Central bajo el mando de Alejandro Magno, convirtiendolo en la máxima potencia de Grecia? Macedonia
100%
Se le considera unos de los primeros estados europeos medievales, fue fundada por el nieto de Carlos Martel príncipe de los francos, Carlomagno que expandió los distintos reinos francos hasta transformalos en un imperio abarcando gran parte de la Europa Occidental y Central, tambien abarco Italia y fue coronado como Imperator Augustus por el papa Leon III en Navidad del año 800. Imperio Carolingio
94%
Imperio que es considerado unos de los estados mas influyentes de la humanidad aportando en temas de filosofia, lingüística originando las lenguas romances como el español, francés, portugués, italiano y rumano, las artes, derecho, leyes, politica, y temas sociales. Su expansion abarca a la mayoria del territorio europeo, África del Norte y Asia Menor. Imperio Romano
94%
¿Que imperio surgio tras el fallecimiento de Carlomagno, donde sus nietos se acabaria dividiendo el imperio, donde surgiria el actual Francia y Alemania, entre esos dos se disputaban el norte de Italia donde al final ganaria Alemania que obtiene en favor del papa y la corona imperial. Este estado es conocido por ser unos de los imperios mas importantes de la Edad Media y su primer representante seria Otón I siendo coronado en 962 D.C como emperador. Sacro Imperio Romano Germánico
94%
¿Cuál fue el califato que expandio mas territorio para el mundo islamico con capital en Damasco, abarcando la Península Ibérica, África del Norte, gran parte de Asia Occidental y Asia Central? Califato Omeya
88%
Es considerado como el gran imperio de nuestros dias, siendo el país con la mayor economía del mundo en la actualidad, el mayor ejercito desplegado en todos los continentes y el pais que mas influye en la actualidad. Estados Unidos de América
88%
¿Que imperio surgio con la unificación de su territorio, expulsando a los árabes que se quedaron 700 años en la península Ibérica y la unión matrimonial de Fernando II de Aragón y Isabel I de Castilla en 1492. Además este estado es conocido por ser el primer imperio en conquistar nuevas tierras en un nuevo contienente descubierto, conllevado una gran parte de dicho continente ademas de controlar las Filipinas en Asia, este imperio dejo un legado historico, social y linguistico dejando en su idioma el segundo mas hablado por nativos? Imperio Español
88%
Imperio de origen turquico de confesión musulmana que se caracteriza por tres cosas, una es que logro conquistar la ciudad de Constantinopla y tomandola como capital del Imperio y terminando una civilizacion de 2,206 años, dos al hacer en su tiempo de gloria unos de los Imperios mas avanzados como ser un estado tolerante en temas de religión y etnia, donde si vivías en alguna provincia de este imperio puedes practicar libremente tu religión y creencias siempre y cuando pagues mas impuestos que los musulmanes y tres al haber sido en su tiempo la mayor amenaza de la Europa Cristiana al hacer rival y conquistando tierras en europa como los Balcanes, Grecia que es la cuna de la civilización occidental, Rumania, Hungría, controlar tierra santa que es Jerusalén, Siria, partes de Arabia como controlar La Meca que es una ciudad muy importante para los musulmanes y África del Norte al excepsión de la actual Marruecos. Imperio Otomano
88%
Este imperio se caracteriza por dejar un legado en navegación, siendo unos de los imperios europeos en llevar el tema de la navegación, por ejemplo en ser el primer imperio europeo en tomar colonias en África, descubriendo la ruta de Cabo de la buena esperanza por Bartalomé Díaz,tambien en implementar la primera ruta comercial marítima global de Europa hacia las Indias por el explorador portugués Vasco da Gama, tambien este Imperio se caracteriza por tener colonias en Ámerica, dejando un gran país, en África por varios paises y Asia como Timor Oriental y Goa en India. Imperio Portugués
88%
¿Que Imperio surgio con la llegada al poder de Pedro I el Grande, fundo su ciudad que tiene su nombre "San Petersburgo" en 1703 con la intencion descentralizar a Moscú y convertirla en la capital. Este imperio se caracteriza por ser unos de los principales estados de la Europa Oriental, tambien expandio su territorio por la Siberia, Asia Central, el caucaso, los paises balticos, Finlandia, Crimea, algunos territorios de Europa Oriental y tener una colonia en Ámerica? Imperio Ruso
88%
Es un estado europeo y reino alemán que existió desde 1701, es considerado el estado predecesor de la actual Alemania, gracias a su poderio militar y unos de los estados con mas avances en la educación, la filosofía y los conocimientos cientificos logro expandirse territorialmente.Al terminar la guerra con el Imperio Austríaco había alcanzado la hegemonia total sobre el norte de Alemania,y despues de ganarle la guerra a Francia de Napoleón III en 1871 se proclama como el Imperio Alemán a la cuál habia alcanzado su maximo extension territorial. Este estado desaparecia como tal en 1918 al perder la Primera Guerra Mundial. Reino de Prusia
88%
Es considerado el primer estado comunista de la historia, donde se podrian practica las ideas del filósofo y economista de origen judioalemán Karl Marx, sobre su obra el manifiesto del partido comunista. Aparte de tener un gran papel en la Segunda Guerra Mundial y el principal representante de esta ideologia en la Guerra Fría. Unión Sovietica
88%
Es considerado el Imperio mas extenso de todos los tiempos, abarcando Europa, América, gran parte de África y Oceanía y por su puesto en Asia controlando tierras lejanas como la India, Malasia, Hong Kong, algunos territorios árabes, Australia, Nueva Zelanda etc. Tambien al hacer un estado que aporto mucho en temas militares, sociales, industriales como la invención del Ferrocarril, en temas de ciencia entre otros. Imperio Británico
81%
¿Como se le llama al emirato independiente que fue fundada por Abderramán I que era persigido por los abásidas que tomaron el poder y establecieron un nuevo califato en capital en Bagdad, y Abderramán huyo a la Península Ibérica con control musulman, tomo el poder y fundo un nuevo emirato sin la influencia de los abasies? Emirato de Córdoba
69%
No se encontraron pruebas coincidentes
Distribución de puntuación
Porcentaje de gente con cada puntuación
Porcentaje por número respondido
Historial de tus puntuaciones
No has intentado esta prueba.